| 000 | 00355nam a22001577a 4500 | ||
|---|---|---|---|
| 003 | SGT | ||
| 020 | _a9788131261170 | ||
| 082 |
_a616.07 _bA19C |
||
| 100 | _aCONNOLLY, ANDREW J. | ||
| 245 | _aAUTOPSY PATHOLOGY A MANUAL AND ATLAS | ||
| 250 | _a3RD | ||
| 260 |
_aINDIA _bELSEVIER PUB _c2019 |
||
| 300 | _a392 | ||
| 650 | _aPATHOLOGY | ||
| 942 |
_2ddc _cBK |
||
| 999 |
_c20960 _d20960 |
||